000
00273nam a2200121Ia 4500
008
191201s2017 xx 000 0 und d
100
_a
SINHA, SN
245
0
_a
Reinforced Concrete Design
260
_b
TMH
_c
2017
300
_a
MISC
650
_a
B.Tech(CE)
942
_2
ddc
_c
BK
999
_c
7091
_d
7091